000 00519nam a2200169Ia 4500
003 GCL
008 140319s9999 xx 000 0 ara d
040 _aGCL /
_cGCL
082 0 4 _a005.3
_bو ف
100 1 _aوودز، بى اس
245 1 0 _aفلاش 5 /
_cوودز، بى اس
260 _aالقاهرة :
_bدار الفاروق للنشر والتوزيع ،
_c2004
300 _a576 ص ؛
_c24 سم
650 0 4 _aفلاش 5
650 0 4 _aالحاسبات الالكترونية - برامج
942 _2ddc
_cBK
999 _c7193
_d7193